[Event "Scarborough CC Jack Frost"]
[Site "Toronto CAN"]
[Date "2010.01.07"]
[Round "1"]
[White "Pedersen, Rune"]
[Black "Armstrong, Robert J"]
[Result "1-0"]
[WhiteElo "2356"]
[BlackElo "1810"]
[PlyCount "107"]
[EventDate "2010.01.07"]
[EventType "swiss"]
[EventRounds "6"]
[EventCountry "CAN"]

1. e4 g6 2. d4 Bg7 3. h4 h5 4. Nc3 d6 5. Bc4 Nf6 6. f3 Nbd7 7. Nge2 c5 8. Be3
O-O 9. Qd2 a6 10. a4 b6 11. Bh6 Bb7 12. g4 b5 13. axb5 Nb6 14. Ba2 axb5 15.
Bxg7 Kxg7 16. gxh5 Nxh5 17. dxc5 dxc5 18. Qxd8 Rfxd8 19. Nxb5 Nc4 20. Nbc3 Ne3
21. Rc1 Ng2+ 22. Kf2 Ngf4 23. Bc4 Ba6 24. Bxa6 Rxa6 25. Rcd1 Rad6 26. Rxd6 Rxd6
27. Rd1 Rb6 28. b3 c4 29. Rb1 Nxe2 30. Nxe2 Kf6 31. b4 Ke5 32. Ke3 f5 33. f4+
Kd6 34. e5+ Kc7 35. Kd4 Ng7 36. Kxc4 Ne6 37. Rg1 Rc6+ 38. Kd3 Kb7 39. c4 Ra6
40. Rc1 Ra3+ 41. Rc3 Ra1 42. c5 Rd1+ 43. Kc4 Rf1 44. Kd5 Nxf4+ 45. Nxf4 Rxf4
46. c6+ Kc8 47. b5 Rb4 48. Kc5 Re4 49. Kb6 Ra4 50. Rg3 Rxh4 51. Ra3 Ra4 52.
Rxa4 Kb8 53. Rh4 g5 54. Rh8# 1-0

[Event "Scarborough CC Jack Frost"]
[Site "Toronto CAN"]
[Date "2010.01.07"]
[Round "1"]
[White "Peng, Bill"]
[Black "Mesiti, Silvano"]
[Result "1-0"]
[WhiteElo "2138"]
[BlackElo "1696"]
[PlyCount "43"]
[EventDate "2010.01.07"]
[EventType "swiss"]
[EventRounds "6"]
[EventCountry "CAN"]

1. e4 e5 2. Nf3 d6 3. d4 exd4 4. Nxd4 Nc6 5. Nc3 Nf6 6. Bg5 Be7 7. Be2 O-O 8.
h4 Nxd4 9. Qxd4 c5 10. Qd2 Qc7 11. g4 a6 12. O-O-O Rd8 13. Bxf6 Bxf6 14. Nd5
Qc6 15. g5 Bxb2+ 16. Kxb2 Re8 17. Rhg1 Be6 18. f3 b5 19. Nf6+ gxf6 20. gxf6+
Kh8 21. Qh6 Rg8 22. Rg7 1-0

[Event "Scarborough CC Jack Frost"]
[Site "Toronto CAN"]
[Date "2010.01.07"]
[Round "1"]
[White "Ward, Dean"]
[Black "Sellars, Karl"]
[Result "0-1"]
[WhiteElo "1772"]
[BlackElo "2236"]
[PlyCount "84"]
[EventDate "2010.01.07"]
[EventType "swiss"]
[EventRounds "6"]
[EventCountry "CAN"]

1. d4 Nf6 2. c4 g6 3. Nc3 d5 4. Bg5 dxc4 5. e3 Be6 6. Bxf6 exf6 7. d5 Bc8 8.
Bxc4 Bd6 9. Nf3 O-O 10. O-O Re8 11. Rc1 a6 12. a4 Nd7 13. Qd4 Ne5 14. Nxe5 fxe5
15. Qe4 Bf5 16. Qf3 e4 17. Qe2 Qh4 18. g3 Qh3 19. f3 exf3 20. Qxf3 Bc5 21. Rce1
Qh6 22. g4 Rxe3 23. Rxe3 Qxe3+ 24. Qxe3 Bxe3+ 25. Kg2 Bxg4 26. d6 Be6 27. Bxe6
fxe6 28. dxc7 Rc8 29. Re1 Bd4 30. Rxe6 Kf7 31. Re4 Bxc3 32. bxc3 Rxc7 33. Rh4
Ke6 34. c4 Kd6 35. Kf3 Re7 36. Kf4 Kc5 37. Kg5 Rf7 38. Rf4 h6+ 39. Kg4 Rxf4+
40. Kxf4 Kxc4 41. Ke5 b5 42. axb5 axb5 0-1

[Event "Scarborough CC Jack Frost"]
[Site "Toronto CAN"]
[Date "2010.01.07"]
[Round "1"]
[White "Wiebe, Daniel"]
[Black "Poirier, Vincent"]
[Result "1-0"]
[WhiteElo "1940"]
[BlackElo "1624"]
[PlyCount "73"]
[EventDate "2010.01.07"]
[EventType "swiss"]
[EventRounds "6"]
[EventCountry "CAN"]

1. e4 c5 2. Nf3 d6 3. d4 cxd4 4. Nxd4 Nf6 5. Nc3 a6 6. Be3 e5 7. Nb3 Be6 8. f3
Be7 9. Qd2 O-O 10. O-O-O b5 11. g4 Nbd7 12. h4 Nb6 13. Kb1 b4 14. Qf2 bxc3 15.
Bxb6 Qc8 16. h5 Nd7 17. Be3 f6 18. h6 g5 19. bxc3 Qxc3 20. Bd2 Qc6 21. Ka1 Qa4
22. Be3 Rab8 23. Rb1 Nc5 24. Bxc5 dxc5 25. c4 Bxc4 26. Bxc4+ Qxc4 27. Rhc1 Qd3
28. Rb2 c4 29. Rd2 cxb3 30. Rxd3 b2+ 31. Qxb2 Rxb2 32. Kxb2 Rb8+ 33. Rb3 Rd8
34. Rc7 Bf8 35. Kc2 Bxh6 36. Rbb7 Bf8 37. Rxh7 1-0

[Event "Scarborough CC Jack Frost"]
[Site "Toronto CAN"]
[Date "2010.01.07"]
[Round "1"]
[White "Xie, Peter"]
[Black "Song, Michael"]
[Result "0-1"]
[WhiteElo "1556"]
[BlackElo "1849"]
[PlyCount "76"]
[EventDate "2010.01.07"]
[EventType "swiss"]
[EventRounds "6"]
[EventCountry "CAN"]

1. e4 c5 2. Nf3 Nc6 3. d4 cxd4 4. Nxd4 g6 5. c4 Bg7 6. Nxc6 bxc6 7. Qc2 Ba6 8.
Bd3 Nf6 9. O-O O-O 10. Nd2 Rc8 11. Qa4 Qb6 12. c5 Bb5 13. cxb6 Bxa4 14. bxa7
Ra8 15. Nf3 Rxa7 16. Be3 Rb7 17. Rab1 Ng4 18. Bd4 Bb5 19. Bxb5 Rxb5 20. b4 Rfb8
21. a3 Bxd4 22. Nxd4 R5b7 23. Rfd1 Nf6 24. f3 c5 25. Nc2 d6 26. Rbc1 Nd7 27.
bxc5 Nxc5 28. Nb4 Ra8 29. e5 Nb3 30. exd6 Nxc1 31. dxe7 Ne2+ 32. Kf2 Rxe7 33.
Re1 Rae8 34. Nd5 Re6 35. Nc7 Nf4 36. Nxe8 Nd3+ 37. Kg3 Rxe1 38. Nd6 Ra1 0-1

[Event "Scarborough CC Jack Frost"]
[Site "Toronto CAN"]
[Date "2010.01.07"]
[Round "1"]
[White "Yusuf, Magas"]
[Black "Wu, Kevin"]
[Result "0-1"]
[WhiteElo "1614"]
[BlackElo "1917"]
[PlyCount "58"]
[EventDate "2010.01.07"]
[EventType "swiss"]
[EventRounds "6"]
[EventCountry "CAN"]

1. e4 c5 2. Nf3 d6 3. Nc3 Nf6 4. d3 Nc6 5. g3 g6 6. Bg2 Bg7 7. O-O O-O 8. Bg5
Rb8 9. Qd2 b5 10. Bh6 b4 11. Ne2 a5 12. Bxg7 Kxg7 13. Nh4 e6 14. Rad1 Ba6 15.
f4 Qb6 16. Kh1 c4 17. dxc4 Bxc4 18. f5 e5 19. b3 Ba6 20. fxg6 fxg6 21. Nf3 Nxe4
22. Qe1 Bxe2 23. Qxe2 Nc3 24. Qd2 Nxd1 25. Rxd1 Nd4 26. Nxd4 Qxd4 27. Qxd4 exd4
28. Rxd4 Rbe8 29. Kg1 Re1+ 0-1

[Event "Scarborough CC Jack Frost"]
[Site "Toronto CAN"]
[Date "2010.01.14"]
[Round "2"]
[White "Al Ganabi, Haqi"]
[Black "Mahoney, Ian"]
[Result "1-0"]
[WhiteElo "1990"]
[BlackElo "1570"]
[PlyCount "43"]
[EventDate "2010.01.07"]
[EventType "swiss"]
[EventRounds "6"]
[EventCountry "CAN"]

1. e4 c6 2. d4 d5 3. e5 c5 4. c3 Nc6 5. f4 cxd4 6. cxd4 Bf5 7. Nc3 e6 8. a3 Qb6
9. Nge2 a5 10. Na4 Qa7 11. Be3 Bg4 12. h3 Bh5 13. g4 Bg6 14. Ng3 Nge7 15. Bg2
Rc8 16. Rc1 Qa6 17. Bf1 Qa7 18. Nc3 Kd7 19. Nb5 Qb6 20. Rh2 h6 21. Nd6 Rc7 22.
Rc3 1-0

[Event "Scarborough CC Jack Frost"]
[Site "Toronto CAN"]
[Date "2010.01.14"]
[Round "2"]
[White "Armstrong, Robert J"]
[Black "Gillis, Doug"]
[Result "0-1"]
[WhiteElo "1810"]
[BlackElo "1692"]
[PlyCount "72"]
[EventDate "2010.01.07"]
[EventType "swiss"]
[EventRounds "6"]
[EventCountry "CAN"]

1. d4 e6 2. c4 Nf6 3. Nf3 Bb4+ 4. Bd2 Qe7 5. a3 Bxd2+ 6. Qxd2 d6 7. Nc3 Nc6 8.
e4 e5 9. d5 Nb8 10. Bd3 Nbd7 11. O-O Nc5 12. h3 Nb3 13. Qc2 Nxa1 14. Rxa1 Nd7
15. b4 a5 16. Rc1 axb4 17. axb4 O-O 18. Nb5 Nf6 19. c5 Nh5 20. Qd2 Nf4 21. Bf1
f5 22. exf5 Bxf5 23. cxd6 cxd6 24. Rc7 Qf6 25. Rxb7 Ra1 26. Rb6 Bd3 27. Ne1
Bxb5 28. Bxb5 Qg5 29. Kh2 Rxe1 30. g3 Rb1 31. Bd3 Nxd3 32. f4 exf4 33. Qxf4
Rb2+ 34. Kg1 Nxf4 35. Rxd6 Qxg3+ 36. Kh1 Rh2# 0-1

[Event "Scarborough CC Jack Frost"]
[Site "Toronto CAN"]
[Date "2010.01.14"]
[Round "2"]
[White "Bao, Stephen"]
[Black "Moysoski, Randy"]
[Result "1-0"]
[WhiteElo "1534"]
[BlackElo "1969"]
[PlyCount "103"]
[EventDate "2010.01.07"]
[EventType "swiss"]
[EventRounds "6"]
[EventCountry "CAN"]

1. e4 d5 2. exd5 Qxd5 3. Nc3 Qa5 4. d4 Nf6 5. Bc4 Bg4 6. Qd3 e6 7. Bd2 Bb4 8.
Bb3 c6 9. Nf3 Nbd7 10. O-O Bxf3 11. Qxf3 Be7 12. Bf4 Qh5 13. Qxh5 Nxh5 14. Be3
O-O-O 15. Ne2 g6 16. a4 Ng7 17. a5 a6 18. Ng3 h5 19. Ne4 Nf5 20. c3 Rdg8 21.
Bg5 Bf8 22. Rfe1 Bg7 23. Nc5 Re8 24. Nxd7 Kxd7 25. Rad1 h4 26. h3 Rh5 27. Bc1
Ne7 28. Re4 Reh8 29. Rf4 Ke8 30. c4 Rxa5 31. Bd2 Rah5 32. Bb4 Rf5 33. Re4 e5
34. d5 cxd5 35. cxd5 b5 36. d6 Nc6 37. d7+ Kd8 38. Bc5 Nd4 39. f4 Kc7 40. Bd5
Kxd7 41. fxe5 Bxe5 42. Bxd4 Bxd4+ 43. Rdxd4 Kc7 44. Bb3 Kb6 45. Rd7 Rf8 46.
Ree7 f6 47. Bc2 Rc5 48. Re6+ Ka5 49. Bd3 f5 50. Rd4 g5 51. b4+ Ka4 52. bxc5+
1-0

[Event "Scarborough CC Jack Frost"]
[Site "Toronto CAN"]
[Date "2010.01.14"]
[Round "2"]
[White "Bzikot, Robert"]
[Black "Hall, John"]
[Result "1/2-1/2"]
[WhiteElo "1916"]
[BlackElo "2260"]
[PlyCount "85"]
[EventDate "2010.01.07"]
[EventType "swiss"]
[EventRounds "6"]
[EventCountry "CAN"]

1. e4 d6 2. d4 Nf6 3. Nc3 e5 4. dxe5 dxe5 5. Qxd8+ Kxd8 6. Bc4 Bb4 7. Bd2 Ke7
8. Nge2 Be6 9. Bxe6 Kxe6 10. f3 Nbd7 11. O-O-O c6 12. g4 Nb6 13. g5 Nfd7 14. f4
Bd6 15. f5+ Ke7 16. Be3 Bc5 17. Bd2 Nc4 18. Na4 Nxd2 19. Kxd2 Bb4+ 20. Ke3 b5
21. Nac3 Nb6 22. b3 Rhd8 23. Rxd8 Rxd8 24. Rd1 Rb8 25. Rd3 a5 26. Nd1 a4 27.
Nf2 Nd7 28. Ng4 f6 29. gxf6+ gxf6 30. Ng3 axb3 31. axb3 Rg8 32. Kf3 Ra8 33. c4
Nc5 34. Rd1 Ra3 35. cxb5 Rxb3+ 36. Ke2 cxb5 37. Ne3 Rb2+ 38. Kf3 Bd2 39. Nd5+
Kf7 40. h4 Nb3 41. Nh5 Nd4+ 42. Kg3 Rb3+ 43. Kg2 1/2-1/2

[Event "Scarborough CC Jack Frost"]
[Site "Toronto CAN"]
[Date "2010.01.14"]
[Round "2"]
[White "Garel, Rick"]
[Black "Azmitia, Gabriel"]
[Result "0-1"]
[WhiteElo "1954"]
[BlackElo "1526"]
[PlyCount "88"]
[EventDate "2010.01.07"]
[EventType "swiss"]
[EventRounds "6"]
[EventCountry "CAN"]

1. e4 c5 2. Nf3 e6 3. d4 cxd4 4. Nxd4 a6 5. c4 Qc7 6. Nc3 Nf6 7. Bg5 Be7 8. Be2
b6 9. O-O Ng4 10. Bxg4 Bxg5 11. Qd3 Nc6 12. Nxc6 Qxc6 13. f4 Be7 14. e5 Bb7 15.
Bf3 Qc7 16. Kh1 Rd8 17. Bxb7 Qxb7 18. Qg3 g6 19. Rad1 d6 20. f5 gxf5 21. exd6
Bf6 22. b4 Kd7 23. c5 Rhg8 24. Qf3 Qxf3 25. Rxf3 bxc5 26. bxc5 Rg4 27. Ne2 Re4
28. Ng3 Rc4 29. Nxf5 Rxc5 30. Ng3 Be5 31. Rxf7+ Kc6 32. Rc7+ Kb6 33. Rb1+ Rb5
34. Rxb5+ axb5 35. Rxh7 Rxd6 36. Kg1 Kc6 37. Ne2 Rd1+ 38. Kf2 Ra1 39. h4 Rxa2
40. Rf7 b4 41. Ke3 b3 42. Rf1 b2 43. Rb1 Ra1 44. Rxb2 Bxb2 0-1

[Event "Scarborough CC Jack Frost"]
[Site "Toronto CAN"]
[Date "2010.01.14"]
[Round "2"]
[White "Guo, Joshua"]
[Black "Manalo, Pepin"]
[Result "0-1"]
[WhiteElo "2224"]
[BlackElo "1808"]
[PlyCount "52"]
[EventDate "2010.01.07"]
[EventType "swiss"]
[EventRounds "6"]
[EventCountry "CAN"]

1. e4 g6 2. d4 Bg7 3. Nc3 c6 4. Nf3 d6 5. Bc4 e6 6. Bb3 Nd7 7. Bg5 Qc7 8. Qd2
h6 9. Bf4 Ne7 10. O-O g5 11. Bg3 Nb6 12. d5 e5 13. dxc6 bxc6 14. Rfd1 f5 15.
Nxg5 hxg5 16. Qxg5 Kf8 17. f4 Nd7 18. fxe5 dxe5 19. Kh1 f4 20. Rf1 Bf6 21. Bxf4
Ke8 22. Qg4 exf4 23. Qe6 Rf8 24. Rad1 Be5 25. Rf3 Nc5 26. Qh6 Bg4 0-1

[Event "Scarborough CC Jack Frost"]
[Site "Toronto CAN"]
[Date "2010.01.14"]
[Round "2"]
[White "Hacatoglu, Kevork"]
[Black "Douglas, Richard"]
[Result "1-0"]
[WhiteElo "2209"]
[BlackElo "1870"]
[PlyCount "65"]
[EventDate "2010.01.07"]
[EventType "swiss"]
[EventRounds "6"]
[EventCountry "CAN"]

1. e4 Nf6 2. e5 Nd5 3. Nc3 Nb6 4. d4 d6 5. Nf3 Nc6 6. Bb5 a6 7. Bxc6+ bxc6 8.
O-O e6 9. Ne4 Bb7 10. Re1 Nd7 11. Bg5 Qc8 12. exd6 cxd6 13. Bf4 d5 14. Nd6+
Bxd6 15. Bxd6 Qd8 16. Ne5 Nf6 17. Ba3 Qc7 18. Qd2 Ne4 19. Qb4 f6 20. Nc4 Kf7
21. Rxe4 c5 22. Qxb7 Qxb7 23. Nd6+ Ke7 24. Nxb7 dxe4 25. Nxc5 Kf7 26. Nxe4 Rhd8
27. Rd1 Ra7 28. Nd6+ Kg8 29. c4 Rc7 30. c5 g6 31. f4 Kf8 32. Re1 Ke7 33. d5 1-0

[Event "Scarborough CC Jack Frost"]
[Site "Toronto CAN"]
[Date "2010.01.14"]
[Round "2"]
[White "Jizan, Masoud"]
[Black "Kurkowski, Ken"]
[Result "1/2-1/2"]
[WhiteElo "1774"]
[BlackElo "1626"]
[PlyCount "58"]
[EventDate "2010.01.07"]
[EventType "swiss"]
[EventRounds "6"]
[EventCountry "CAN"]

1. b4 e5 2. Bb2 d6 3. e4 Nf6 4. Nc3 Be7 5. Bc4 O-O 6. Nge2 Be6 7. Bxe6 fxe6 8.
d4 Nbd7 9. Qd2 c6 10. a3 Ng4 11. O-O Bg5 12. f4 exf4 13. Nxf4 Qf6 14. Nce2 Qh6
15. h3 Ndf6 16. Qd3 Rae8 17. hxg4 Nxg4 18. Qg3 Nf6 19. e5 Nd5 20. Bc1 dxe5 21.
dxe5 Rf5 22. Nh3 Be3+ 23. Bxe3 Nxe3 24. Rxf5 Nxf5 25. Qg5 Qxg5 26. Nxg5 h6 27.
Ne4 Rd8 28. Nf4 Rd4 29. g4 Nh4 1/2-1/2

[Event "Scarborough CC Jack Frost"]
[Site "Toronto CAN"]
[Date "2010.01.14"]
[Round "2"]
[White "Marcille, Gord"]
[Black "Lin, Tony (Juntao)"]
[Result "1-0"]
[WhiteElo "1827"]
[BlackElo "1732"]
[PlyCount "79"]
[EventDate "2010.01.07"]
[EventType "swiss"]
[EventRounds "6"]
[EventCountry "CAN"]

1. e4 e6 2. d4 d5 3. Bd3 Nf6 4. e5 Nfd7 5. Ne2 c5 6. c3 Nc6 7. O-O Qb6 8. f4
cxd4 9. cxd4 Nxd4 10. Nxd4 Qxd4+ 11. Kh1 Qb6 12. Rf3 Be7 13. Nc3 f6 14. Rb1 f5
15. Nxd5 exd5 16. Bxf5 Nf8 17. Bxc8 Rxc8 18. f5 Qc6 19. Rc3 Qd7 20. e6 Nxe6 21.
fxe6 Qxe6 22. Rxc8+ Qxc8 23. Qh5+ g6 24. Qxd5 Qd7 25. Qb3 Qf5 26. Bh6 b5 27.
Bg7 Rf8 28. Bxf8 Kxf8 29. Rd1 Kg7 30. Qe3 Bc5 31. Qc3+ Kh6 32. Qd2+ g5 33. b4
Be7 34. Qe2 Bxb4 35. Rf1 Qc5 36. Qe6+ Kh5 37. Qf7+ Kg4 38. h3+ Kg3 39. Qf3+ Kh4
40. Qg4# 1-0

[Event "Scarborough CC Jack Frost"]
[Site "Toronto CAN"]
[Date "2010.01.14"]
[Round "2"]
[White "Mesiti, Silvano"]
[Black "Maister, Martin"]
[Result "0-1"]
[WhiteElo "1696"]
[BlackElo "1879"]
[PlyCount "74"]
[EventDate "2010.01.07"]
[EventType "swiss"]
[EventRounds "6"]
[EventCountry "CAN"]

1. e4 c5 2. Nf3 d6 3. Bc4 Nc6 4. O-O a6 5. d4 cxd4 6. Nxd4 Nf6 7. Nxc6 bxc6 8.
e5 Ne4 9. Bxf7+ Kxf7 10. Qf3+ Nf6 11. exf6 gxf6 12. Qxc6 Be6 13. Qf3 Bg7 14.
Qh5+ Kf8 15. Bh6 Rg8 16. b3 Bf7 17. Qh3 Rc8 18. c4 Rc5 19. Bxg7+ Rxg7 20. Qe3
Qa5 21. f4 d5 22. Re1 Qc7 23. cxd5 Bxd5 24. g3 Rc2 25. Nd2 h5 26. Nf3 Rc3 27.
Rac1 Rxe3 28. Rxc7 Rxf3 29. Rc5 e6 30. Ra5 h4 31. Rxa6 hxg3 32. h3 Rxf4 33.
Rexe6 Bxe6 34. Rxe6 g2 35. Re1 Rd4 36. a4 Rd3 37. Rb1 Rxh3 0-1

[Event "Scarborough CC Jack Frost"]
[Site "Toronto CAN"]
[Date "2010.01.28"]
[Round "2"]
[White "Moffat, Andrei"]
[Black "Haziprodromu, Sam"]
[Result "1-0"]
[WhiteElo "2262"]
[BlackElo "1916"]
[PlyCount "67"]
[EventDate "2010.01.07"]
[EventType "swiss"]
[EventRounds "6"]
[EventCountry "CAN"]

1. e4 e5 2. Nf3 Nc6 3. Nc3 Nf6 4. Bc4 Be7 5. d4 d6 6. dxe5 dxe5 7. Qxd8+ Bxd8
8. Be3 O-O 9. h3 a6 10. Bc5 Re8 11. Ng5 Be6 12. Nxe6 fxe6 13. O-O-O Kf7 14. a3
Be7 15. Be3 Rad8 16. f3 b5 17. Nxb5 Na5 18. Bxe6+ Kxe6 19. Nxc7+ Kf7 20. Nxe8
Kxe8 21. Rxd8+ Bxd8 22. b3 Be7 23. Kb2 Nb7 24. Rd1 Nd8 25. Bg5 Nd7 26. Bxe7
Kxe7 27. b4 Nb6 28. Kb3 Nc6 29. c3 Nd8 30. c4 Ne6 31. c5 Na8 32. Kc4 Nac7 33.
a4 Nf4 34. Rd2 1-0

[Event "Scarborough CC Jack Frost"]
[Site "Toronto CAN"]
[Date "2010.01.14"]
[Round "2"]
[White "Moffat, Andrei"]
[Black "Ugodnikov, Arkadiy"]
[Result "1-0"]
[WhiteElo "2240"]
[BlackElo "1839"]
[PlyCount "93"]
[EventDate "2010.01.07"]
[EventType "swiss"]
[EventRounds "6"]
[EventCountry "CAN"]

1. e4 e5 2. d4 exd4 3. Qxd4 Nc6 4. Qe3 Bb4+ 5. Nc3 d6 6. Bd2 Bd7 7. O-O-O Nf6
8. f4 Qe7 9. Bd3 O-O-O 10. Nd5 Nxd5 11. exd5 Bxd2+ 12. Qxd2 Nb8 13. Nf3 Rde8
14. h3 h6 15. Nd4 a6 16. b4 Qe3 17. Qxe3 Rxe3 18. Rhe1 Rhe8 19. Rxe3 Rxe3 20.
Kd2 Re8 21. c4 Kd8 22. Rc1 Bc8 23. g4 h5 24. f5 hxg4 25. hxg4 Rh8 26. Kc3 Nd7
27. Nf3 Nb6 28. Ng5 Ke8 29. Re1+ Kf8 30. Kd4 Bd7 31. c5 Na4 32. Ne4 dxc5+ 33.
Nxc5 Nxc5 34. bxc5 Rh4 35. Re4 g6 36. Ke5 gxf5 37. gxf5 Rxe4+ 38. Bxe4 Ke7 39.
d6+ cxd6+ 40. cxd6+ Kf8 41. Bxb7 a5 42. a3 Ke8 43. Bd5 Kf8 44. Kf6 a4 45. Bc4
Bc6 46. Bxf7 Bd7 47. Be6 1-0

[Event "Scarborough CC Jack Frost"]
[Site "Toronto CAN"]
[Date "2010.01.14"]
[Round "2"]
[White "Moran-Venegas, Mario"]
[Black "Casareno, Erwin"]
[Result "1-0"]
[WhiteElo "1634"]
[BlackElo "2204"]
[PlyCount "59"]
[EventDate "2010.01.07"]
[EventType "swiss"]
[EventRounds "6"]
[EventCountry "CAN"]

1. e4 d5 2. exd5 Qxd5 3. Nc3 Qa5 4. d4 Nf6 5. Bc4 Bf5 6. Nge2 Nbd7 7. O-O e6 8.
a3 c6 9. b4 Bxb4 10. axb4 Qxa1 11. Ba2 Nd5 12. Qd2 a5 13. Ba3 Qxf1+ 14. Kxf1
axb4 15. Nxd5 Rxa3 16. Qxb4 exd5 17. Qxa3 Nb6 18. Qd6 f6 19. Qb8+ Nc8 20. Qxb7
Bd7 21. Nf4 Rf8 22. Nd3 Nd6 23. Qc7 Nb5 24. Qb7 Nxd4 25. Nc5 Rf7 26. Qb8+ Ke7
27. Nxd7 Nxc2 28. Nb6 Nb4 29. Nc8+ Kd7 30. Qb7+ 1-0

[Event "Scarborough CC Jack Frost"]
[Site "Toronto CAN"]
[Date "2010.01.14"]
[Round "2"]
[White "Paterson, Jim"]
[Black "Cale, Ferdinand"]
[Result "1-0"]
[WhiteElo "1877"]
[BlackElo "1568"]
[PlyCount "81"]
[EventDate "2010.01.07"]
[EventType "swiss"]
[EventRounds "6"]
[EventCountry "CAN"]

1. e3 e5 2. c4 Be7 3. Nc3 Nf6 4. Nf3 d6 5. h3 Bf5 6. d4 Nbd7 7. Be2 O-O 8. O-O
c5 9. dxe5 Nxe5 10. Nd5 Be4 11. Nxe5 Bxd5 12. Nf3 Bc6 13. Qc2 h6 14. b3 Qc7 15.
Bb2 Be4 16. Qc3 Ne8 17. Nd2 Bf6 18. Qc1 Bh7 19. Bf3 Rb8 20. Rd1 Qe7 21. a4 a5
22. Nb1 Bxb1 23. Rxb1 b6 24. Qd2 Bxb2 25. Rxb2 Qe5 26. Qc1 Nf6 27. Rbd2 Rfd8
28. Qc2 Kf8 29. Qd3 Ke7 30. Bc6 Rbc8 31. Bf3 g6 32. e4 g5 33. Qe3 Kf8 34. g3
Rc7 35. Bg2 Ke7 36. f4 gxf4 37. gxf4 Qe6 38. e5 Ke8 39. Rxd6 Rxd6 40. Rxd6 Qf5
41. exf6+ 1-0

[Event "Scarborough CC Jack Frost"]
[Site "Toronto CAN"]
[Date "2010.01.14"]
[Round "2"]
[White "Philip, Andrew"]
[Black "Conte, Mike"]
[Result "0-1"]
[WhiteElo "1612"]
[BlackElo "1801"]
[PlyCount "90"]
[EventDate "2010.01.07"]
[EventType "swiss"]
[EventRounds "6"]
[EventCountry "CAN"]

1. d4 Nf6 2. Bg5 Ne4 3. Bf4 d6 4. f3 Nf6 5. e4 c5 6. d5 g6 7. c4 Bg7 8. Nc3
Nbd7 9. Nge2 O-O 10. Ng3 Qa5 11. Qd2 a6 12. h4 h5 13. Bh6 Rb8 14. Bxg7 Kxg7 15.
Be2 b5 16. b3 bxc4 17. Bxc4 Ne5 18. O-O Rb4 19. a3 Nxc4 20. axb4 Nxd2 21. bxa5
Nxf1 22. Nxf1 Bd7 23. Nd2 Rb8 24. Na4 Bxa4 25. Rxa4 Ne8 26. Kf2 Nc7 27. Ke3 e6
28. dxe6 fxe6 29. g3 Kf6 30. f4 Nb5 31. Kd3 d5 32. Ra1 Na7 33. Rc1 Rb5 34. Ra1
Nc6 35. exd5 exd5 36. Kc3 Nd4 37. Re1 Rxa5 38. Re5 Nb5+ 39. Kb2 Nc7 40. Nf3 Rb5
41. Kc3 a5 42. Ng5 Rb7 43. Nh7+ Kg7 44. Re7+ Kh8 45. Nf6 Nb5+ 0-1

[Event "Scarborough CC Jack Frost"]
[Site "Toronto CAN"]
[Date "2010.01.14"]
[Round "2"]
[White "Radpey, Abdolreza"]
[Black "Ward, Dean"]
[Result "0-1"]
[WhiteElo "1564"]
[BlackElo "1772"]
[PlyCount "132"]
[EventDate "2010.01.07"]
[EventType "swiss"]
[EventRounds "6"]
[EventCountry "CAN"]

1. Nf3 c5 2. c4 g6 3. Nc3 Bg7 4. e4 Qa5 5. Be2 d6 6. O-O Nc6 7. a3 a6 8. Qc2
Nd4 9. Nxd4 Bxd4 10. Qa4+ Qxa4 11. Nxa4 Rb8 12. Nb6 Be6 13. d3 h5 14. Rb1 Nf6
15. Be3 Bxe3 16. fxe3 Ng4 17. Rf3 Ne5 18. Rf2 O-O 19. b4 cxb4 20. axb4 Rbd8 21.
h3 f5 22. d4 Nd7 23. Nd5 Bxd5 24. exd5 Nf6 25. Bd3 b5 26. cxb5 axb5 27. Bxb5
Ne4 28. Rc2 Ra8 29. Bd7 Ra3 30. Be6+ Kg7 31. b5 Rxe3 32. b6 Rc3 33. Rxc3 Nxc3
34. Rb3 Ne2+ 35. Kf2 Nxd4 36. Rb4 Nxe6 37. b7 Rb8 38. dxe6 Kf6 39. Ke3 Kxe6 40.
Kd4 Kd7 41. Kd5 e6+ 42. Kd4 Kc6 43. h4 Rxb7 44. Ra4 e5+ 45. Ke3 Rb3+ 46. Kf2
Kc5 47. Ra8 d5 48. Rc8+ Kd4 49. Rg8 Rb6 50. Rc8 e4 51. Kg3 Rb2 52. Rc6 e3 53.
Rxg6 Ke5 54. Kf3 d4 55. Rg5 Rf2+ 56. Kg3 d3 57. Rg8 f4+ 58. Kh3 e2 59. g3 fxg3
60. Kxg3 Rf1 61. Re8+ Kd4 62. Rd8+ Kc3 63. Kg2 e1=Q 64. Rc8+ Kd2 65. Rc4 Qf2+
66. Kh3 Rh1# 0-1

[Event "Scarborough CC Jack Frost"]
[Site "Toronto CAN"]
[Date "2010.01.14"]
[Round "2"]
[White "Rutherdale, William"]
[Black "Huston, Scott"]
[Result "0-1"]
[WhiteElo "1737"]
[BlackElo "1598"]
[PlyCount "103"]
[EventDate "2010.01.07"]
[EventType "swiss"]
[EventRounds "6"]
[EventCountry "CAN"]

1. d4 Nf6 2. c4 e6 3. Nc3 Bb4 4. Qc2 d5 5. e3 c5 6. Nf3 O-O 7. Bd3 Nc6 8. a3
dxc4 9. Bxc4 cxd4 10. exd4 Nxd4 11. Qd3 Bxc3+ 12. Qxc3 Nxf3+ 13. Qxf3 Qa5+ 14.
Bd2 Qe5+ 15. Qe3 Qxe3+ 16. Bxe3 b6 17. f3 Bb7 18. Ke2 Rac8 19. Bb3 Bd5 20. Ba4
Bc4+ 21. Kf2 b5 22. Bd1 a6 23. a4 Nd5 24. Bd2 f5 25. axb5 Bxb5 26. Re1 Rfe8 27.
Bb3 Kf7 28. Bxd5 exd5 29. Rxe8 Rxe8 30. Re1 Rxe1 31. Bxe1 d4 32. Ba5 Ke6 33.
Ke1 Kd5 34. Kd2 h5 35. Bd8 Kc4 36. Bb6 g5 37. Bd8 g4 38. fxg4 fxg4 39. Bf6 Kd5
40. Bh4 Ke4 41. Bf6 Bf1 42. g3 Bc4 43. Bg7 d3 44. Bf6 Kf3 45. Bh4 Kg2 46. Ke3
Kxh2 47. Kd2 Kg2 48. Ke3 Bb5 49. Kd2 Kf2 50. b3 Kf3 51. Ke1 a5 52. Kd2 0-1

[Event "Scarborough CC Jack Frost"]
[Site "Toronto CAN"]
[Date "2010.01.14"]
[Round "2"]
[White "Sellars, Karl"]
[Black "Haziprodromu, Sam"]
[Result "1/2-1/2"]
[WhiteElo "2236"]
[BlackElo "1916"]
[PlyCount "42"]
[EventDate "2010.01.07"]
[EventType "swiss"]
[EventRounds "6"]
[EventCountry "CAN"]

1. c4 c5 2. Nf3 Nf6 3. Nc3 d5 4. cxd5 Nxd5 5. e4 Nb4 6. Bc4 Nd3+ 7. Kf1 Nc6 8.
Qe2 Nxc1 9. Rxc1 g6 10. Qe3 e6 11. Nd5 exd5 12. exd5+ Be7 13. dxc6 O-O 14. h4
Bf6 15. h5 Bf5 16. hxg6 Bxg6 17. Qxc5 bxc6 18. d4 Re8 19. Rc3 Rb8 20. Bb3 a5
21. Qc4 Rb4 1/2-1/2

[Event "Scarborough CC Jack Frost"]
[Site "Toronto CAN"]
[Date "2010.01.14"]
[Round "2"]
[White "Song, Michael"]
[Black "Lamb, Bryan"]
[Result "0-1"]
[WhiteElo "1849"]
[BlackElo "2218"]
[PlyCount "68"]
[EventDate "2010.01.07"]
[EventType "swiss"]
[EventRounds "6"]
[EventCountry "CAN"]

1. c4 Nf6 2. Nc3 g6 3. g3 Bg7 4. Bg2 O-O 5. d3 d6 6. Nf3 c6 7. O-O e5 8. Bg5 h6
9. Bxf6 Bxf6 10. Rb1 a5 11. a3 Na6 12. b4 axb4 13. axb4 Be6 14. b5 Nc5 15. Qc1
Bg7 16. bxc6 bxc6 17. Nd2 Qd7 18. Nde4 Nxe4 19. Nxe4 f5 20. Nd2 Rfc8 21. c5 d5
22. e4 Ra5 23. Rb6 Bf8 24. Nb3 Rb5 25. Rxb5 cxb5 26. Qb2 dxe4 27. dxe4 Qf7 28.
Na5 Rxc5 29. exf5 Qxf5 30. f4 Rc2 31. Qxb5 Bc5+ 32. Kh1 Rxg2 33. Kxg2 Qc2+ 34.
Kf3 e4# 0-1

[Event "Scarborough CC Jack Frost"]
[Site "Toronto CAN"]
[Date "2010.01.14"]
[Round "2"]
[White "Southam, David"]
[Black "Verde, Pino"]
[Result "1-0"]
[WhiteElo "2158"]
[BlackElo "1824"]
[PlyCount "77"]
[EventDate "2010.01.07"]
[EventType "swiss"]
[EventRounds "6"]
[EventCountry "CAN"]

1. d4 Nf6 2. Nc3 d5 3. Bg5 Nbd7 4. Qd3 c6 5. Nf3 e6 6. e4 Be7 7. e5 Ng4 8. Bxe7
Qxe7 9. h3 Nh6 10. O-O-O b5 11. g4 Nb6 12. Ne2 Nc4 13. Nd2 a5 14. Nxc4 bxc4 15.
Qa3 Qb4 16. c3 Qxa3 17. bxa3 Rb8 18. f4 Ke7 19. Ng3 g6 20. Rh2 Bd7 21. Rb2 f5
22. exf6+ Kf7 23. Rdd2 Rhd8 24. Re2 Rxb2 25. Rxb2 Ng8 26. g5 Nxf6 27. gxf6 Kxf6
28. h4 h6 29. Rf2 Rf8 30. Bh3 Kg7 31. Rf1 g5 32. fxg5 Rxf1+ 33. Nxf1 hxg5 34.
h5 Kf6 35. Ne3 Kg7 36. Kd2 Be8 37. Bxe6 Bxh5 38. Bd7 Kf6 39. Bxc6 1-0